00472nam a2200193 a 4500001001300000003000900013005001700022008004100039020001000080082001500090100001700105245001100122260004200133300000900175500003500184505003100219650001100250700001700261nice12345678IN_TiNIC20260116011342.0050524s1963 alia grp 000 0 urd  ac10000a956.1bAYU aAyubi, Akmal aTurkey aAligarhbIdarah-E-Uloom Islamiac1963 a344p aincludes index and biblioraphy2 aNotes, Bibliography, Index aTurkey1 aAyubi, Akmal